000 00943nam a22003017a 4500
001 BR7000416
003 BR-BrBNA
005 20230928083602.0
007 ta
008 230509b bl.||||| |||| 00| 0 por d
040 _aBR-BrBNA
_bpor
_cBiblioteca Nacional de Agricultura
041 _a(Por)
072 _aA50; E10
_b/G514
090 _ A50 BR7000416
100 1 _aFraga, C.C.
100 1 _aWit, L.W.
110 1 _aConselho Nacional de Pesquisas, Rio de Janeiro, GB (Brasil)
_92694
111 1 _a2. Seminario Internacional de Administracao de Pesquisa Agropecuaria
_cCampinas, SP (Brazil)
_d27 Jul 1970
245 1 _aParticipacao dos economistas rurais nas pesquisas agronomicas [Brasil]
260 3 _aRio de Janeiro, GB (Brasil):
_c1970.
300 _a7 p.
500 _aSummary (Por)
650 _aPesquisa
650 _aMacroeconomia
650 _aEconomia agricola
909 _a202309
_bLucia
_c55
_dLucia Elande
942 _cBK
999 _c14317
_d14317